[Event "Bad Soden U14 op"]
[Site "Bad Soden"]
[Date "2017.09.30"]
[Round "1"]
[White "Litzinger, Jan"]
[Black "Graef, Jakob Vincent"]
[Result "0-1"]
[WhiteElo "805"]
[BlackElo "1268"]
[PlyCount "90"]
[EventDate "2017.09.30"]
[EventType "swiss"]
[EventRounds "9"]
[EventCountry "GER"]
[SourceTitle "EXT 2019"]
[Source "ChessBase"]
[SourceDate "2018.10.10"]
[SourceVersion "1"]
[SourceVersionDate "2018.10.10"]
[SourceQuality "1"]

1. e4 c6 2. Nf3 d5 3. d3 dxe4 4. dxe4 Qxd1+ 5. Kxd1 Bg4 6. Be2 Nf6 7. Nc3 Nbd7 8. Be3 e5 9. h3 Bh5 10. g4 Bg6 11. g5 Nxe4 12. Nxe4 Bxe4 13. Ke1 Be7 14. c3 0-0 15. Rg1 Rad8 16. Rd1 Nb6 17. Nxe5 f6 18. a4 fxe5 19. f4 exf4 20. Bxf4 Rxd1+ 21. Bxd1 Rxf4 22. b3 Bc5 23. Rf1 Rxf1+ 24. Kxf1 Bd3+ 25. Ke1 Be3 26. a5 Nd5 27. b4 Nf4 28. Be2 Bxe2 29. c4 Bxc4 30. a6 Bxa6 31. b5 Bxb5 32. h4 Kf7 33. g6+ Kxg6 34. h5+ Kxh5 35. Kd1 Kg4 36. Ke1 Kf5 37. Kd1 Ke4 38. Ke1 Bc5 39. Kd1 Bb4 40. Kc1 Ba4 41. Kb2 Kd3 42. Ka2 Kc2 43. Ka1 Bc5 44. Ka2 Bb3+ 45. Ka1 Bd4# 0-1